• 首页
  • 本馆介绍
  • 公告通知
  • 最新文献
  • 馆藏检索
  • 电子资源
  • 读者导购
  • 参考咨询
  • 我的图书馆
  • 登录
  • 详细信息显示
  • 放入我的书架
  • 预约/预借图书
  • 作者相关作品
  • 分类相关作品
  • 丛书相关作品
  • 出版社相关作品

书目信息

  • 表格格式
  • 工作单格式
  • 卡片格式
题名:
环境水质监测质量保证手册
    
 
作者: 环境手册编写组 编
分册:  
出版信息: 北京   化学工业出版社  1984.12
页数: 393页
开本: 26cm
丛书名:
单 册:
中图分类: X832-62
科图分类:
主题词: 环境监测
电子资源:
ISBN:
000 00617nam0 2200193 45
001 0312221749
005 20031222170903.7
010    @dCNY3.20
100    @a20031222d1984 km y0chiy0120 ea
101    @achi
105    @a z 000yy
200 1  @a环境水质监测质量保证手册@AHuan Jing Shui Zhi Jian Ce Zhi Liang Bao Zheng Shou Ce@f环境手册编写组编@FHuan Jing Shou Ce Bian Xie Zu Bian@e中国环境监测总结
210    @a北京@c化学工业出版社@d1984.12
215    @a393页@d26cm
606 0  @a环境监测
690    @aX832-62@v3
701 0  @a环境手册编写组@4编
801    @aCN@bTSTCL@c20031222
905    @a213230@dX832-62@e7@b125632@f1
    
    环境水质监测质量保证手册/环境手册编写组编:中国环境监测总结.-北京:化学工业出版社,1984.12
    393页;26cm
    
    
    ISBN :CNY3.20
    
●
相关链接 在E读中查询图书 在五车中查询图书 在当当中查询图书 在豆瓣中查询图书


正题名:环境水质监测质量保证手册     索取号:X832-62/7         预约/预借

序号 登录号 条形码 馆藏地/架位号 状态 备注
1 0125632   001486350   第二样本阅览室/ [索取号:X832-62/7] 在馆    
唐山师范学院图书馆 欢迎您!
大连网信软件有限公司© 版权所有